书目信息 |
| 题名: |
看得见的世界史
|
|
| 作者: | 肖石忠 主编 | |
| 分册: | 葡萄牙 | |
| 出版信息: | 北京 石油工业出版社 2019 |
|
| 页数: | 217页 | |
| 开本: | 21cm | |
| 丛书名: | ||
| 单 册: | ||
| 中图分类: | K552-49 , K109 | |
| 科图分类: | ||
| 主题词: | 葡萄牙--历史--通俗读物 , 世界史:通史 | |
| 电子资源: | ||
| ISBN: | 978-7-5183-3087-4 | |
| 000 | 00969oam2 2200265 450 | |
| 001 | 2371986352 | |
| 005 | 20231203095452.05 | |
| 010 | @a978-7-5183-3087-4@dCNY39.00 | |
| 100 | @a20190731d2019 em y0chiy50 ea | |
| 101 | 0 | @achi |
| 102 | @aCN@b110000 | |
| 105 | @aa z 000yy | |
| 200 | 1 | @a看得见的世界史@AKan De Jian De Shi Jie Shi@dPortugal@i葡萄牙@f肖石忠主编@zeng |
| 210 | @a北京@c石油工业出版社@d2019 | |
| 215 | @a217页@c图@d21cm | |
| 330 | @a本书是一本兼具权威性和趣味性的历史读物,此书以故事性的体例讲述了葡萄牙的历史,揭示了葡萄牙在世界文明发展过程中的贡献。书中插配了大量的珍贵文物图片,并配以详细的图片说明,为广大读者提供了一个全面了解葡萄牙的平台。 | |
| 510 | 1 | @aPortugal@zeng |
| 517 | 1 | @a葡萄牙@APu Tao Ya |
| 606 | 0 | @a葡萄牙@x历史@j通俗读物 |
| 606 | 0 | @a世界史:通史 |
| 690 | @aK552-49@v5 | |
| 690 | @aK109@v4 | |
| 701 | 0 | @a肖石忠@Axiao shi zhong@4主编 |
| 801 | 0 | @aCN@b大连网信软件有限公司图书馆·11@c20231203 |
| 905 | @aZUCC@dK109@e37:2 | |
| 看得见的世界史=Portugal.葡萄牙/肖石忠主编.-北京:石油工业出版社,2019 |
| 217页:图;21cm |
| ISBN 978-7-5183-3087-4:CNY39.00 |
| 本书是一本兼具权威性和趣味性的历史读物,此书以故事性的体例讲述了葡萄牙的历史,揭示了葡萄牙在世界文明发展过程中的贡献。书中插配了大量的珍贵文物图片,并配以详细的图片说明,为广大读者提供了一个全面了解葡萄牙的平台。 |
| ● |
| 相关链接 |
|
|
|
正题名:看得见的世界史
索取号:K109/37:2
 
预约/预借
| 序号 | 登录号 | 条形码 | 馆藏地/架位号 | 状态 | 备注 |
| 1 | 2001253351 | 2001253351 | 辽宁北方(第一批)/辽宁北方(第一批)/22/ [索取号:K109/37:2] | 在馆 | |
| 2 | 2001253352 | 2001253352 | 辽宁北方(第一批)/辽宁北方(第一批)/22/ [索取号:K109/37:2] | 在馆 | |
| 3 | 2001253353 | 2001253353 | 辽宁北方(第一批)/辽宁北方(第一批)/22/ [索取号:K109/37:2] | 在馆 | |
| 4 | 2001253354 | 2001253354 | 辽宁北方(第一批)/辽宁北方(第一批)/22/ [索取号:K109/37:2] | 在馆 | |
| 5 | 2001253355 | 2001253355 | 辽宁北方(第一批)/辽宁北方(第一批)/22/ [索取号:K109/37:2] | 在馆 | |
| 6 | 2001253356 | 2001253356 | 辽宁北方(第一批)/辽宁北方(第一批)/22/ [索取号:K109/37:2] | 在馆 |